Estudio de pre-factibilidad para la instalación de una cafetería especializada en la elaboración y comercialización de café saborizado en el distrito 1 de la ciudad de Managua para el periodo 2020-2025
Este proyecto pretende demostrar la viabilidad de ofrecer café saborizado a precio accesible y que además tenga un valor agregado que permita captar más clientes, la cafetería Coffe quick comercializara café con saborizante cuyos sabores cumplan con las necesidades y exigencias de los consumido...
| Main Authors: | , |
|---|---|
| Other Authors: | |
| Format: | Tesis Section = Libro |
| Language: | Undetermined Spanish |
| Published: |
Managua
UNI
2020
|
| Subjects: |
| LEADER | 01793nam a2200277Ia 4500 | ||
|---|---|---|---|
| 008 | 240830s9999 xx 000 0 und d | ||
| 040 | |a BIBLIOTECA-RUPAP Mon 658.11 N238 | ||
| 041 | |a spa | ||
| 082 | |a Mon 658.11 N238 | ||
| 100 | 1 | |a Narváez Vílchez, Roberto Carlos | |
| 100 | 1 | |b Ortiz franco, Eraris Ernesto | |
| 245 | 1 | 0 | |a Estudio de pre-factibilidad para la instalación de una cafetería especializada en la elaboración y comercialización de café saborizado en el distrito 1 de la ciudad de Managua para el periodo 2020-2025 |
| 260 | |a Managua |b UNI |c 2020 | ||
| 300 | |a 128 p. :il. | ||
| 500 | |a Contiene: anexos y CD. | ||
| 502 | |a Tesis (Ingeniero Industrial)- UNI, 2020. | ||
| 520 | 3 | |a Este proyecto pretende demostrar la viabilidad de ofrecer café saborizado a precio accesible y que además tenga un valor agregado que permita captar más clientes, la cafetería Coffe quick comercializara café con saborizante cuyos sabores cumplan con las necesidades y exigencias de los consumidores, la realización del estudio de pre factibilidad llevo al desarrollo de un estudio de mercado, estudio técnico, estudio organizacional, estudio financiero y otro de evaluación financiera , determina el mercado meta estableciendo estrategias para el posicionamiento definiendo la demanda, oferta e ingresos de operación, realiza análisis financiero que permita valorar la factibilidad de ejecución de una tienda de café saborizado, acorde a la demanda. | |
| 650 | 7 | |a NUEVOS NEGOCIOS-NICARAGUA | |
| 650 | 7 | |b ESTUDIOS DE FACTIBILIDAD | |
| 650 | 7 | |c CAFÉ SABORIZADO-INDUSTRIA Y COMERCIO | |
| 650 | 7 | |d ESTUDIO DE MERCADO | |
| 650 | 7 | |e ESTUDIO FINANCIERO | |
| 700 | 1 | |a Tutor: |b Chavarría Valverde, Luis Alberto | |
| 942 | |c BK |2 ddc | ||
| 991 | |a TESIS | ||
| 999 | |c 16968 | ||